[Event "Penang op-B 11th"]
[Site "Penang"]
[Date "2019.12.10"]
[Round "2"]
[White "Sulthon, Hartanto"]
[Black "Benjamin, Nicholas Ryan"]
[Result "1-0"]
[WhiteElo "1848"]
[BlackElo "1380"]
[PlyCount "41"]
[EventDate "2019.12.09"]
[EventType "swiss"]
[EventRounds "9"]
[EventCountry "MAS"]
[SourceTitle "CBM 193 Extra"]
[Source "ChessBase"]
[SourceDate "2020.01.31"]
[SourceVersion "1"]
[SourceVersionDate "2020.01.31"]
[SourceQuality "1"]

1. e4 e6 2. d4 d5 3. Nc3 Bb4 4. e5 Bd7 5. Qg4 g6 6. a4 f5 7. Qg3 Be7 8. h4 c5 9. dxc5 Bxc5 10. h5 Ne7 11. hxg6 Nxg6 12. Qxg6+ hxg6 13. Rxh8+ Bf8 14. Bh6 Qh4 15. Rxf8+ Ke7 16. Rh8 Qd4 17. Nf3 Qb6 18. Bf8+ Kd8 19. Bc5+ Kc7 20. Bxb6+ axb6 21. Nb5+ 1-0